000 00754nam a2200205Ia 4500
003 GCL
008 140319s9999 xx 000 0 ara d
040 _aGCL /
_cGCL
082 0 4 _a822.03
_bج و
100 1 _aجونسون، جوزفين
245 1 0 _aوأقبل الخريف : القصة الحائزة على جائزة بولتزر سنة 1935 (هدية من الاديب عبدالفتاح الجمل) /
_cجونسون، جوزفين
700 1 _aشاكر ابراهيم
700 1 _aمحمد سامى عاشور (مراجعة)
300 _a184 ص
490 _a
650 0 4 _aالادب الامريكى المترجم
650 0 4 _aالادب العالمى المترجم
650 0 4 _aالقصص الامريكية
942 _2ddc
_cBK
999 _c39820
_d39820